00000000nam##2200000za#4500
0019.536713
003CaOODSP
00520200327020533
007ta
008150406|2002||||xxc|||||     f|0| 0 fre|d
040 |aCaOODSP|bfre
041 |aeng
041 |afre
043 |an-cn---
0861 |aSP2-6/2001
1101 |aCanada. |bImprimeur de la Reine.
24510|aBanques, sociétés de fiducie et sociétés de prêt: soldes non réclamés : |bdéclarés au 31 décembre 2001 par les banques, les sociétés de fiducie et les sociétés de prêt / |c(Bureau du surintendant des institutions financières: Loi sur les banques et Loi sur les sociétés de fiducie et de prêt.)
260 |aOttawa - Ontario : |bImprimeur de la Reine |c2002.
300 |a498p. ; |c28 cm.
4901 |aGazette du Canada, partie I. Supplément
546 |aBilingue
563 |aCouverture souple
590 |a02-23|b2002-06-07
69107|aBanque|2gcpds
69107|aSociété de crédit|2gcpds
69107|aSociété de fiducie|2gcpds
7760#|tBanks, trust companies and loan companies - unclaimed balances : |w(CaOODSP)9.587843
791 |tBanks, trust companies and loan companies: unclaimed balances : |eeng|w(CaOODSP)9.536712
830#0|aGazette du Canada, partie I. Supplément.|w(CaOODSP)9.509661